| Tag |
First Indicator |
Second Indicator |
Subfields |
| LEADER |
00000cas a2200000 a 4500 |
| 001 |
in00004452839 |
| 005 |
20191202121011.0 |
| 008 |
840713d197u1975mduuu p b f0uuua0eng d |
| 035 |
|
|
|a (OCoLC)10945576
|
| 035 |
|
|
|9 AAA4001MS
|
| 035 |
|
|
|z (UtOrBLW)1794
|
| 035 |
|
|
|a 2964
|
| 040 |
|
|
|a TMV
|c TMV
|d UtOrBLW
|
| 049 |
|
|
|a TMVM
|
| 060 |
|
4 |
|a ZSF 977
|b A4 A257
|
| 245 |
0 |
0 |
|a African swine fever articles in data bank.
|
| 246 |
1 |
0 |
|a African swine fever
|
| 264 |
|
1 |
|a [Hyattsville, Md.] :
|b United States Dept. of Agriculture, Animal and Plant Health Inspection Service, Veterinary Services, Emergency Programs,
|c -1975.
|
| 300 |
|
|
|a volumes ;
|c 23 x 28 cm.
|
| 336 |
|
|
|a text
|2 rdacontent
|b txt
|
| 337 |
|
|
|a unmediated
|2 rdamedia
|
| 338 |
|
|
|a volume
|2 rdacarrier
|b nc
|
| 362 |
0 |
|
|a -1975.
|
| 500 |
|
|
|a Title from cover; description based on: Mar. 1975.
|
| 500 |
|
|
|a Part of the Emergency Programs Data Bank.
|
| 520 |
8 |
|
|a Veterinary medicine related
|
| 650 |
|
2 |
|a African Swine Fever
|v Bibliography.
|
| 710 |
1 |
|
|a United States.
|b Animal and Plant Health Inspection Service.
|b Emergency Programs.
|
| 785 |
0 |
0 |
|t African swine fever bibliography
|g 1976
|w (OCoLC)2209222
|
| 948 |
|
|
|a Keep in book stacks.
|
| 948 |
|
|
|a Keep per EC, 2003 evaluation; retention reasons in 505, 520, 599, or 650 fields; 11/17/2003, sg.
|
| 999 |
|
|
|a MARS
|
| 999 |
f |
f |
|s fbccfec8-e3b2-3278-bece-4d8781681865
|i d3620f63-e957-371c-b7de-5d0ddbec8f3a
|t 0
|
| 952 |
f |
f |
|p ric
|a Texas A&M University
|b Rellis Campus
|c Joint Library Facility
|d Remote Storage
|t 0
|e ZSF 977 A4 A257
|h National Library of Medicine classification
|i unmediated -- volume
|l 1975:Mar.
|m 3238900239387
|
| 952 |
f |
f |
|p ric
|a Texas A&M University
|b Rellis Campus
|c Joint Library Facility
|d Remote Storage
|t 0
|e ZSF 977 A4 A257
|h National Library of Medicine classification
|i unmediated -- volume
|l 1975:July
|m 3238900239398
|
| 998 |
f |
f |
|a ZSF 977 A4 A257
|s 1975:Mar.,1975:July
|t 0
|l Remote Storage
|